[Event "Dhaka IRT U2000"]
[Site "Dhaka"]
[Date "2018.02.19"]
[Round "6"]
[White "Nayem, Haque"]
[Black "Md Rabby, Salim"]
[Result "1-0"]
[WhiteElo "1967"]
[BlackElo "1660"]
[PlyCount "62"]
[EventDate "2018.02.14"]
[EventType "swiss"]
[EventRounds "9"]
[EventCountry "BAN"]
[SourceTitle "EXT 2024"]
[Source "ChessBase"]
[SourceDate "2023.10.10"]
[SourceVersion "1"]
[SourceVersionDate "2023.10.10"]
[SourceQuality "1"]

1. e4 e5 2. Nf3 Nc6 3. Bc4 Bc5 4. b4 Bxb4 5. c3 Be7 6. d4 exd4 7. cxd4 Nf6 8. e5 Ne4 9. d5 Na5 10. Bd3 Nc5 11. 0-0 Nxd3 12. Qxd3 d6 13. Bd2 c6 14. exd6 Qxd6 15. Bxa5 0-0 16. Nbd2 cxd5 17. Rab1 Re8 18. Bb4 Qd8 19. Bxe7 Rxe7 20. Nd4 g6 21. N2f3 Bg4 22. Rfe1 Rc8 23. Ne5 Qe8 24. Qg3 f6 25. Nef3 Bd7 26. Qd6 Rxe1+ 27. Rxe1 Qf7 28. Re7 Bg4 29. h3 Rc1+ 30. Kh2 Qf8 31. hxg4 Kh8 1-0

[Event "BAN-chT2"]
[Site "Dhaka"]
[Date "2016.11.03"]
[Round "1.1"]
[White "Haque, Masudul"]
[Black "Md Rabby, Salim"]
[Result "1-0"]
[WhiteElo "2076"]
[BlackElo "1615"]
[PlyCount "69"]
[EventDate "2016.11.03"]
[EventType "team-swiss"]
[EventRounds "7"]
[EventCountry "BAN"]
[SourceTitle "CBM 175 Extra"]
[Source "ChessBase"]
[SourceDate "2016.12.12"]
[SourceVersion "1"]
[SourceVersionDate "2016.12.12"]
[SourceQuality "1"]
[WhiteTeam "Morning Glory"]
[BlackTeam "The Street Lamp"]
[WhiteTeamCountry "BAN"]
[BlackTeamCountry "BAN"]

1. d4 Nf6 2. c4 c6 3. d5 g6 4. Nc3 Bg7 5. e4 d6 6. Be2 Nbd7 7. Nf3 0-0 8. 0-0 a6 9. a4 Qc7 10. h3 cxd5 11. exd5 Nb6 12. Qb3 Nbd7 13. Be3 Nc5 14. Qb4 a5 15. Qa3 Bd7 16. Nd4 e5 17. Ndb5 Qb8 18. Bxc5 dxc5 19. Qxc5 Ne8 20. Rfd1 f5 21. Qe3 f4 22. Qf3 Qc8 23. Rac1 b6 24. Ne4 Nf6 25. Bd3 Nxe4 26. Bxe4 Qc5 27. b3 Rae8 28. d6 Bf6 29. Rd5 Qc8 30. c5 Rd8 31. c6 Rf7 32. Rcd1 Be6 33. d7 Qa6 34. Nc7 Qa7 35. Nxe6 1-0